Základní principy sociální politiky. 2 Základy sociální politiky

Kľúčovým princípom sociálnej politiky je sociálna spravodlivosť. Tri zásady sociálnej spravodlivosti. Rozlíšenie dielčích princípov pre posudzovanie sociálnej spravodlivosti. Princíp sociálnej solidarity. Princíp subsidiarity. Princíp participácie.

Gespeichert in:
Bibliographische Detailangaben
1. Verfasser: Žižková, Jana
Format: Buchkapitel
Sprache:Tschechisch
Schlagworte:
Tags: Tag hinzufügen
Keine Tags, Fügen Sie das erste Tag hinzu!

MARC

LEADER 00000naa a2200000 4500
001 r023679
005 20220928112807.3
041 0 |a cze 
044 |a CZ 
245 1 0 |a Základní principy sociální politiky. 2  |b Základy sociální politiky  |c Jana Žižková 
520 |a Kľúčovým princípom sociálnej politiky je sociálna spravodlivosť. Tri zásady sociálnej spravodlivosti. Rozlíšenie dielčích princípov pre posudzovanie sociálnej spravodlivosti. Princíp sociálnej solidarity. Princíp subsidiarity. Princíp participácie. 
610 2 0 |a politika sociálna 
100 1 |a Žižková, Jana